01202nam a22002657a 450000100060000000300080000600500170001400800410003103500190007204000350009104100080012608200300013410000390016424501830020326000770038630000370046350200820050050400340058265000450061670000430066170000510070494200130075599900170076895201510078581048BD-RjUL20231116112548.0230111s2012 bg a|||| m||| 00| 0 eng d a(BD-RjUL)81048 aBD-RjULbengcBD-RjULdBD-RjUL aeng 223a616.2095492bANR 2012 aAnasri, Md. Mostaque Hossain9652110aRespiratory problems among rice mill workers In Bangladesh /cSubmitted By Md. Mostaque Hossain Anasri ;6Supervisor : Md. Rezaul Karim-3, Co-supervisor : Md. Abdul Mukit Sarkar, aRajshahi :bInstitute of Biological Science, Rajshahi University,c2012. aix, 127 leaves :bill, ;c29.cm. aThesis (Ph. D.) -- Institute of Biological Science, Rajshahi University, 2012 aReferences : Leaves 105 - 116 aRespiratory vDiseaseszBangladesh96522 aKarim-3, Md. Rezaul, Supervisor 96523 aSarkar, Md. Abdul Mukit, Co-supervisor 96524 2ddccTHE c81048d81048 102ddc40718THESESaRUCLbRUCLcDoc/Thed2014-09-14eController of Exam. R.U.l0oTHE 616.2095492 ANR 2012pD3623r2023-01-11 00:00:00tC-1yTHE